Estatísticas para Municípios da Região Metropolitana de Apucarana (PR) no mapa

Clique aqui para jogar o quiz

Estatísticas Gerais

  • Esse quiz foi jogado 20 vezes
  • A pontuação média é 12 de 23

Respostas no mapa

Respostas codificadas por cores de uma escala verde-vermelha no mapa do quiz de acordo com a % correta abaixo.
 

Estatísticas das Respostas

Município% Correto
Apucarana
100%
Mauá da Serra
77%
Califórnia
69%
Marilândia do Sul
69%
Faxinal
62%
Borrazópolis
54%
Grandes Rios
54%
Ivaiporã
54%
São João do Ivaí
54%
São Pedro do Ivaí
54%
Arapuã
46%
Ariranha do Ivaí
46%
Lunardelli
46%
Rosário do Ivaí
46%
Cruzmaltina
38%
Godoy Moreira
38%
Jardim Alegre
38%
Kaloré
38%
Lidianópolis
38%
Marumbi
38%
Novo Itacolomi
38%
Rio Bom
38%
Rio Branco do Ivaí
38%

Distribuição das Pontuações

Percentil de Números Respondidos

Porcentagem de Pessoas com Cada Pontuação

Sua Pontuação Histórica

Você não jogou esse quiz